Texting Acronyms - Statistics

General Stats
  • This quiz has been taken 50 times
  • The average score is 14 of 15
Answer Stats
Acronym Answer % Correct
BRB Be right back
98%
BTW By the way
98%
IDK I don’t know
98%
LMAO Laughing my ass off
96%
OMG Oh my god
96%
FYI For your information
91%
LOL Laughing out loud
91%
NVM Never mind
91%
IRL In real life
89%
TBH To be honest
89%
IKR I know right
87%
POV Point of view
87%
JK Just kidding
80%
WYD What are you doing
80%
IYKYK If you know you know
78%
No matching quizzes found
Score Distribution
Percent of People with Each Score
Percentile by Number Answered
Your Score History
You have not taken this quiz